000 01664nam0a2200349 4500
001 RU\NLR\bibl\37442
005 20250615024704.0
010 _a5-7831-0204-0
_9300
021 _aRU
_b99-8365
_9400
035 _a(NLR Aleph) 000036484
090 _a187474
_c187474
100 _a19990708d1998 |||y0rusy50 ca
101 0 _arus
102 _aRU
105 _aa |||||||||
200 1 _aПоверхностные явления и дисперсные системы
_eУчеб. пособие
_fА.Г. Бикчентаева
_gМ-во общ. и проф. образования Рос. Федерации, Уфим. гос. нефтяной техн. ун-т
210 _aУфа
_cИзд-во УГНТУ
_d1998
215 _a89 c.
_cил.
_d20
320 _aБиблиогр.: с. 87
606 0 _aПоверхностные явления
_jРуководства, пособия и т. п. для высшей школы
_9901568
_3RU\NLR\auth\667791
606 0 _aДисперсные системы
_jРуководства, пособия и т. п. для высшей школы
_9970897
_3RU\NLR\auth\6645306
606 0 _aПоверхностные явления
_jУчебные издания для высшей школы
_9901568
_3RU\NLR\auth\667791
606 0 _aДисперсные системы
_jУчебные издания для высшей школы
_9970897
_3RU\NLR\auth\6645306
686 _aГ58я73-1
686 _aГ6я73-1
700 1 _aБикчентаева
_bА. Г.
_4070
801 0 _aRU
_bNLR
_c19990708
_gPSBO
801 1 _aRU
_bNLR
_c19990708
852 _aNLR
_j99-4/3761
942 _cBOOK
980 _aNB